|
|
|
|
| LEADER |
00000nas a22000007i 4500 |
| 001 |
ssj0000884174 |
| 003 |
WaSeSS |
| 005 |
20200512172242.0 |
| 006 |
m d |
| 007 |
cr n |
| 008 |
120806c20129999pauar s | a0eng |
| 010 |
|
|
|a 2012203228
|
| 022 |
|
|
|a 2169-0820
|
| 035 |
|
|
|a (WaSeSS)ssj0000884174
|
| 037 |
|
|
|b University Library System, University of Pittsburgh, 3960 Forbes Avenue, Pittsburgh, PA 15260
|
| 040 |
|
|
|a DLC
|b eng
|c DLC
|d OCLCO
|d OCLCQ
|d DKU
|d OCLCO
|d OCLCF
|d DLC
|d OCLCQ
|d NTG
|d WaSeSS
|
| 042 |
|
|
|a pcc
|a nsdp
|
| 082 |
0 |
0 |
|a 330.09
|2 23
|
| 222 |
|
0 |
|a Shashi
|
| 245 |
0 |
0 |
|a Shashi
|h [electronic resource] :
|b the journal of Japanese business and company history.
|
| 260 |
|
|
|a Pittsburgh, PA :
|b University Library System, University of Pittsburgh,
|c 2012-
|
| 310 |
|
|
|a Annual
|
| 362 |
1 |
|
|a Began with: Vol. 1, no. 1 (2012).
|
| 506 |
|
|
|a License restrictions may limit access.
|
| 588 |
|
|
|a Description based on: Vol. 1, no. 1 (2012) title from PDF caption (shashi.pitt.edu website, viewed Sept. 8, 2014).
|
| 588 |
|
|
|a Latest issue consulted: Vol. 2, no. 2 (2013) (viewed Sept. 8, 2014).
|
| 650 |
|
0 |
|a Business
|v Periodicals.
|
| 650 |
|
7 |
|a Business.
|2 fast
|0 (OCoLC)fst00842262
|
| 655 |
|
0 |
|a Electronic journals.
|
| 710 |
2 |
|
|a University of Pittsburgh.
|b University Library System.
|
| 856 |
4 |
0 |
|z Full text available from Research Library: 01/01/2012 to present
|u https://search.proquest.com/publication/2029657
|